02766nam a2200325 u 4500001000800000005001700008007001000025008004100035035001200076040001300088041000800101080000800109100003500117245012900152260004300281300001700324500009100341520173400432650001702166650002902183650001102212650001002223650002402233650002602257650001702283700003802300856008202338502001202420526000802432142498520240131085754.0cr|||||||151022s2015 spa  a1424985 ccomduadb aspa aPQU10aLondoño May, Erika4auteaut10aValidación de un método de análisis de aguas para determinación de nitratos utilizando la técnica de ion selectivo aMedellín :b[sin publicador],c2015. a62 páginas aClasificación: PQU 09784, Centro de Documentación de Ingeniería -CENDOI, 20-146.3 aEl Laboratorio de Cornare deseaba reemplazar el método de Reducción Cadmio-Cobre debido a la contaminación de este, el gran gasto de reactivos y el tiempo elevado para analizarse una muestra por esta técnica. El presente estudio se basó en la validación de la técnica de Ion selectivo, el cual es un método potenciométrico para cuantificar nitratos en todo tipo de muestras. Esta validación que es un requisito fundamental de la Norma NTC/-ISO/IEC 17025 que dictamina los requisitos generales para la competencia de los laboratorios de ensayo y calibración, incluyó varias pruebas para determinar con fundamento estadístico que el método de Ion selectivo es adecuado para los fines previstos. Las pruebas incluyeron selectividad, sensibilidad, límite de cuantificación, exactitud, precisión, significancia, robustez, incertidumbre del método y aplicabilidad. La metodología desarrollada incluyó cuatro tipos de muestras; agua para consumo humano, agua natural, agua residual y estándares. Basándose en los resultados para los cuatro tipos de muestras y el análisis estadístico correspondiente en cada prueba, se determinó que el método de Ion selectivo es aplicable para hacer el análisis a agua potable, agua natural y estándares, pero no para aguas residuales debido a que la prueba de significancia no dio buenos resultados. La incertidumbre de la curva de calibración y del método analítico, dan gran confiabilidad a los resultados ya que la incertidumbre relativa expandida dio un valor de 10,1%. Se concluye que el método de ion selectivo es apto para realizar mediciones cuantitativas de nitratos ya que es un método preciso, exacto, sensible y confiable. aValidación aMétodos de reducción aCadmio aCobre 7aAgua potable2embne 7aAguas residuales2dcs aEstándares10aBarrera Zapata, Rolando4thseths4 uhttps://drive.google.com/file/d/0BwecnWVz7HZoUmdZaEdyeVV0WUU/view?usp=sharing b178c17 a180